| 000 | 00398nam a2200157Ia 4500 | ||
|---|---|---|---|
| 008 | 231217s9999 xx 000 0 und d | ||
| 041 | _aEnglish | ||
| 082 | _a621.38415 SCH;5 | ||
| 100 | _aSchiller, Jochen H | ||
| 245 | 0 | _aMobile communications | |
| 250 | _a2nd ed | ||
| 260 |
_c2003 _bPearson Education, _aNew Delhi |
||
| 300 | _axviii+492 | ||
| 650 | _aMobile,communications | ||
| 942 | _cAA | ||
| 999 |
_c171619 _d171619 |
||